<?xml version="1.0" encoding="UTF-8"?>
<record
    xmlns:xsi="http://www.w3.org/2001/XMLSchema-instance"
    xsi:schemaLocation="http://www.loc.gov/MARC21/slim http://www.loc.gov/standards/marcxml/schema/MARC21slim.xsd"
    xmlns="http://www.loc.gov/MARC21/slim">

  <leader>05252cam a2200733 i 4500</leader>
  <controlfield tag="001">22674103</controlfield>
  <controlfield tag="003">OSt</controlfield>
  <controlfield tag="005">20260114091955.0</controlfield>
  <controlfield tag="008">220630t20202020nyua   e b    001 0 eng d</controlfield>
  <datafield tag="010" ind1=" " ind2=" ">
    <subfield code="a">  2022275069</subfield>
  </datafield>
  <datafield tag="020" ind1=" " ind2=" ">
    <subfield code="a">1338594893</subfield>
    <subfield code="q">(paperback)</subfield>
  </datafield>
  <datafield tag="020" ind1=" " ind2=" ">
    <subfield code="a">9781338594898</subfield>
    <subfield code="q">(paperback)</subfield>
  </datafield>
  <datafield tag="035" ind1=" " ind2=" ">
    <subfield code="a">22674103</subfield>
  </datafield>
  <datafield tag="035" ind1=" " ind2=" ">
    <subfield code="a">(OCoLC)1140386898</subfield>
  </datafield>
  <datafield tag="040" ind1=" " ind2=" ">
    <subfield code="a">CCP</subfield>
    <subfield code="b">eng</subfield>
    <subfield code="c">CCP</subfield>
    <subfield code="e">rda</subfield>
    <subfield code="d">OCLCF</subfield>
    <subfield code="d">TXI</subfield>
    <subfield code="d">OCL</subfield>
    <subfield code="d">CBY</subfield>
    <subfield code="d">CUT</subfield>
    <subfield code="d">NGU</subfield>
    <subfield code="d">IAK</subfield>
    <subfield code="d">ORE</subfield>
    <subfield code="d">YDX</subfield>
    <subfield code="d">STF</subfield>
    <subfield code="d">MYA</subfield>
    <subfield code="d">OCLCO</subfield>
    <subfield code="d">GO3</subfield>
    <subfield code="d">CNWPU</subfield>
    <subfield code="d">BDX</subfield>
    <subfield code="d">OCLCO</subfield>
    <subfield code="d">DLC</subfield>
  </datafield>
  <datafield tag="042" ind1=" " ind2=" ">
    <subfield code="a">lccopycat</subfield>
  </datafield>
  <datafield tag="043" ind1=" " ind2=" ">
    <subfield code="a">n-us---</subfield>
  </datafield>
  <datafield tag="050" ind1="0" ind2="0">
    <subfield code="a">LC1099.3</subfield>
    <subfield code="b">.M75 2020</subfield>
  </datafield>
  <datafield tag="082" ind1="0" ind2="4">
    <subfield code="a">370.1170973</subfield>
    <subfield code="2">23</subfield>
  </datafield>
  <datafield tag="100" ind1="1" ind2=" ">
    <subfield code="a">Muhammad, Gholdy,</subfield>
    <subfield code="e">author.</subfield>
  </datafield>
  <datafield tag="245" ind1="1" ind2="0">
    <subfield code="a">Cultivating genius :</subfield>
    <subfield code="b">an equity framework for culturally and historically responsive literacy /</subfield>
    <subfield code="c">Gholdy Muhammad ; foreword by Bettina L. Love.</subfield>
  </datafield>
  <datafield tag="264" ind1=" " ind2="1">
    <subfield code="a">New York, New York :</subfield>
    <subfield code="b">Scholastic,</subfield>
    <subfield code="c">[2020]</subfield>
  </datafield>
  <datafield tag="264" ind1=" " ind2="4">
    <subfield code="c">&#xA9;2020</subfield>
  </datafield>
  <datafield tag="300" ind1=" " ind2=" ">
    <subfield code="a">176 pages :</subfield>
    <subfield code="b">color illustrations ;</subfield>
    <subfield code="c">23 cm</subfield>
  </datafield>
  <datafield tag="336" ind1=" " ind2=" ">
    <subfield code="a">text</subfield>
    <subfield code="b">txt</subfield>
    <subfield code="2">rdacontent</subfield>
  </datafield>
  <datafield tag="336" ind1=" " ind2=" ">
    <subfield code="a">still image</subfield>
    <subfield code="b">sti</subfield>
    <subfield code="2">rdacontent</subfield>
  </datafield>
  <datafield tag="337" ind1=" " ind2=" ">
    <subfield code="a">unmediated</subfield>
    <subfield code="b">n</subfield>
    <subfield code="2">rdamedia</subfield>
  </datafield>
  <datafield tag="338" ind1=" " ind2=" ">
    <subfield code="a">volume</subfield>
    <subfield code="b">nc</subfield>
    <subfield code="2">rdacarrier</subfield>
  </datafield>
  <datafield tag="504" ind1=" " ind2=" ">
    <subfield code="a">Includes bibliographical references (pages 172-173) and index.</subfield>
  </datafield>
  <datafield tag="505" ind1="0" ind2=" ">
    <subfield code="a">Acknowledgments -- Foreword by Bettina L. Love -- Introduction: Restoring equity and excellence in today's classrooms -- Part one. Drawing from history to reimagine literacy education: How 19th-century black literacy societies can elevate today's literacy learning ; What is historically responsive literacy? -- Part two. Teaching and learning with the four-layered HRL framework: Toward the pursuit of identity ; Toward the pursuit of skills ; Toward the pursuit of intellect ; Toward the pursuit of criticality -- Part three. Implementing historically responsive texts and lesson plans: Selecting historically responsive texts ; Using historically responsive lesson plans -- Afterword by Maisha T. Winn -- References -- Index.</subfield>
  </datafield>
  <datafield tag="520" ind1=" " ind2=" ">
    <subfield code="a">This book examines culturally responsive practices, interventions, and supports for educators that can be utilized in school settings. "In Cultivating Genius, Dr. Gholdy E. Muhammad presents a four-layered equity framework--one that is grounded in history and restores excellence in literacy education. This framework, which she names Historically Responsive Literacy, was derived from the study of literacy development within 9th-century Black literacy societies. The framework is essential and universal for all students, especially youth of color, who traditionally have been marginalized in learning standards, school policies, and classroom practices. The equity framework will help educators teach and lead toward the following learning goals or pursuits: Identity Development--Helping youth to make sense of themselves and others, Skill Development-- Developing proficiencies across the academic disciplines, Intellectual Development--Gaining knowledge and becoming smarter, [and] Criticality--Learning and developing the ability to read texts (including print and social contexts) to understand power, equity, and anti-oppression. When these four learning pursuits are taught together--through the Historically Responsive Literacy Framework, all students receive profound opportunities for personal, intellectual, and academic success..."--</subfield>
    <subfield code="c">Amazon.</subfield>
  </datafield>
  <datafield tag="650" ind1=" " ind2="0">
    <subfield code="a">Culturally relevant pedagogy</subfield>
    <subfield code="z">United States.</subfield>
  </datafield>
  <datafield tag="650" ind1=" " ind2="0">
    <subfield code="a">Multicultural education</subfield>
    <subfield code="z">United States.</subfield>
  </datafield>
  <datafield tag="650" ind1=" " ind2="0">
    <subfield code="a">African American students</subfield>
    <subfield code="x">Education.</subfield>
  </datafield>
  <datafield tag="650" ind1=" " ind2="0">
    <subfield code="a">Minorities</subfield>
    <subfield code="x">Education</subfield>
    <subfield code="z">United States.</subfield>
  </datafield>
  <datafield tag="650" ind1=" " ind2="0">
    <subfield code="a">Literacy</subfield>
    <subfield code="x">Study and teaching</subfield>
    <subfield code="x">African American students.</subfield>
  </datafield>
  <datafield tag="650" ind1=" " ind2="0">
    <subfield code="a">Educational equalization</subfield>
    <subfield code="z">United States.</subfield>
  </datafield>
  <datafield tag="650" ind1=" " ind2="0">
    <subfield code="a">Ethnicity</subfield>
    <subfield code="x">Study and teaching</subfield>
    <subfield code="x">Curricula.</subfield>
  </datafield>
  <datafield tag="650" ind1=" " ind2="0">
    <subfield code="a">Teaching</subfield>
    <subfield code="x">Social aspects</subfield>
    <subfield code="z">United States.</subfield>
  </datafield>
  <datafield tag="650" ind1=" " ind2="0">
    <subfield code="a">Social justice and education</subfield>
    <subfield code="z">United States.</subfield>
  </datafield>
  <datafield tag="650" ind1=" " ind2="0">
    <subfield code="a">Curriculum planning.</subfield>
  </datafield>
  <datafield tag="650" ind1=" " ind2="6">
    <subfield code="a">P&#xE9;dagogie culturellement adapt&#xE9;e</subfield>
    <subfield code="z">&#xC9;tats-Unis.</subfield>
  </datafield>
  <datafield tag="650" ind1=" " ind2="6">
    <subfield code="a">&#xC9;ducation interculturelle</subfield>
    <subfield code="z">&#xC9;tats-Unis.</subfield>
  </datafield>
  <datafield tag="650" ind1=" " ind2="6">
    <subfield code="a">Minorit&#xE9;s</subfield>
    <subfield code="x">&#xC9;ducation</subfield>
    <subfield code="z">&#xC9;tats-Unis.</subfield>
  </datafield>
  <datafield tag="650" ind1=" " ind2="6">
    <subfield code="a">D&#xE9;mocratisation de l'enseignement</subfield>
    <subfield code="z">&#xC9;tats-Unis.</subfield>
  </datafield>
  <datafield tag="650" ind1=" " ind2="6">
    <subfield code="a">Ethnicit&#xE9;</subfield>
    <subfield code="x">&#xC9;tude et enseignement</subfield>
    <subfield code="x">Programmes d'&#xE9;tudes.</subfield>
  </datafield>
  <datafield tag="650" ind1=" " ind2="7">
    <subfield code="a">African American students.</subfield>
    <subfield code="2">fast</subfield>
    <subfield code="0">(OCoLC)fst00799375</subfield>
  </datafield>
  <datafield tag="650" ind1=" " ind2="7">
    <subfield code="a">Culturally relevant pedagogy.</subfield>
    <subfield code="2">fast</subfield>
    <subfield code="0">(OCoLC)fst01896513</subfield>
  </datafield>
  <datafield tag="650" ind1=" " ind2="7">
    <subfield code="a">Curriculum planning.</subfield>
    <subfield code="2">fast</subfield>
    <subfield code="0">(OCoLC)fst00885382</subfield>
  </datafield>
  <datafield tag="650" ind1=" " ind2="7">
    <subfield code="a">Educational equalization.</subfield>
    <subfield code="2">fast</subfield>
    <subfield code="0">(OCoLC)fst00903418</subfield>
  </datafield>
  <datafield tag="650" ind1=" " ind2="7">
    <subfield code="a">Minorities</subfield>
    <subfield code="x">Education.</subfield>
    <subfield code="2">fast</subfield>
    <subfield code="0">(OCoLC)fst01023119</subfield>
  </datafield>
  <datafield tag="650" ind1=" " ind2="7">
    <subfield code="a">Multicultural education.</subfield>
    <subfield code="2">fast</subfield>
    <subfield code="0">(OCoLC)fst01028816</subfield>
  </datafield>
  <datafield tag="650" ind1=" " ind2="7">
    <subfield code="a">Social justice and education.</subfield>
    <subfield code="2">fast</subfield>
    <subfield code="0">(OCoLC)fst02003022</subfield>
  </datafield>
  <datafield tag="650" ind1=" " ind2="7">
    <subfield code="a">Teaching</subfield>
    <subfield code="x">Social aspects.</subfield>
    <subfield code="2">fast</subfield>
    <subfield code="0">(OCoLC)fst01144616</subfield>
  </datafield>
  <datafield tag="651" ind1=" " ind2="7">
    <subfield code="a">United States.</subfield>
    <subfield code="2">fast</subfield>
    <subfield code="0">(OCoLC)fst01204155</subfield>
  </datafield>
  <datafield tag="655" ind1=" " ind2="7">
    <subfield code="a">Instructional and educational works.</subfield>
    <subfield code="2">fast</subfield>
    <subfield code="0">(OCoLC)fst01919931</subfield>
  </datafield>
  <datafield tag="655" ind1=" " ind2="7">
    <subfield code="a">Instructional and educational works.</subfield>
    <subfield code="2">lcgft</subfield>
  </datafield>
  <datafield tag="655" ind1=" " ind2="7">
    <subfield code="a">Mat&#xE9;riel d'&#xE9;ducation et de formation.</subfield>
    <subfield code="2">rvmgf</subfield>
  </datafield>
  <datafield tag="700" ind1="1" ind2=" ">
    <subfield code="a">Love, Bettina L.,</subfield>
    <subfield code="d">1979-</subfield>
    <subfield code="e">writer of foreword.</subfield>
  </datafield>
  <datafield tag="710" ind1="2" ind2=" ">
    <subfield code="a">Scholastic Inc.,</subfield>
    <subfield code="e">publisher.</subfield>
  </datafield>
  <datafield tag="906" ind1=" " ind2=" ">
    <subfield code="a">7</subfield>
    <subfield code="b">cbc</subfield>
    <subfield code="c">copycat</subfield>
    <subfield code="d">2</subfield>
    <subfield code="e">ncip</subfield>
    <subfield code="f">20</subfield>
    <subfield code="g">y-gencatlg</subfield>
  </datafield>
  <datafield tag="942" ind1=" " ind2=" ">
    <subfield code="2">lcc</subfield>
    <subfield code="c">BK</subfield>
  </datafield>
  <datafield tag="999" ind1=" " ind2=" ">
    <subfield code="c">265633</subfield>
    <subfield code="d">265632</subfield>
  </datafield>
  <datafield tag="952" ind1=" " ind2=" ">
    <subfield code="0">0</subfield>
    <subfield code="1">0</subfield>
    <subfield code="2">lcc</subfield>
    <subfield code="4">0</subfield>
    <subfield code="7">0</subfield>
    <subfield code="8">NFIC</subfield>
    <subfield code="a">40404</subfield>
    <subfield code="b">40404</subfield>
    <subfield code="c">GEN</subfield>
    <subfield code="d">2026-01-14</subfield>
    <subfield code="e">Books for Africa, Donation</subfield>
    <subfield code="l">0</subfield>
    <subfield code="o">LC1099.3 .M75 2020</subfield>
    <subfield code="p">20260384</subfield>
    <subfield code="r">2026-01-14 00:00:00</subfield>
    <subfield code="w">2026-01-14</subfield>
    <subfield code="y">BK</subfield>
  </datafield>
</record>
